000 00733nam a2200193Ia 4500
003 GCL
005 20240530095220.0
008 140319s9999 xx 000 0 ara d
040 _aGCL /
_cGCL
082 0 4 _a960.3
_bع ت
100 1 _aعبدالله عبدالرازق ابراهيم
245 1 0 _aتاريخ افريقيا :
_bالحديث والمعاصر /
_cعبدالله عبدالرازق ابراهيم
260 _aالقاهرة :
_bدار الثقافة للنشر والتوزيع ،
_c2001
300 _a537 ص ؛
_c24 سم
650 0 4 _aافريقيا - مستعمرات
650 0 4 _aافريقيا - تاريخ - العصرالحديث
700 _aشوقى الجمل
_eمؤلف مشارك
942 _2ddc
_cBK
999 _c5051
_d5051